000 00795nam a2200229Ia 4500
003 GCL
008 140319s9999 xx 000 0 ara d
040 _aGCL /
_cGCL
082 0 4 _a930
_bل ش
100 1 _aاحمد فخرى
245 1 0 _aشجرة الحضارة قصة الانسان منذ فجرماقبل التاريخ حتى بداية العصر الحديث /
_cاحمد فخرى
700 1 _aلنتون رالف
260 _a[S.N] :
_bمكتبة الانجلوالمصرية ،
_c1961
300 _a466 ص
490 _a
650 0 4 _aالتاريخ الحديث
650 0 4 _aالحضارة الفرعونية
650 0 4 _aالحضارة القديمة
650 0 4 _aالحضارة الحديثة
650 0 4 _aحضارة العراق القديمة
942 _2ddc
_cBK
999 _c36512
_d36512